00778cam a2200181Ma 4500020002500000020002200025040001000047082002600057245013500083260007600218300003300294650001600327650001800343710006100361942000700422999001700429952015000446 a9789251069271 (pbk.) a9251069271 (pbk.) cUKMGB a338 FOO 2011 A017 Or.04aThe state of food insecurity in the world :bhow does international price volatility affect domestic economies and food security?. aRome :bFood and Agriculture Organization of the United Nations,c2011. a50 p. :bcol. ill. ;c30 cm. 0aFood prices 0aFood security2 aFood and Agriculture Organization of the United Nations. cEK c11613d11613 0010406338_000000000000000_FOO_2011_A017_OR70959748aLBAbLBAcA017d2017-08-04o338 FOO 2011 A017 Or.pRUA057580r2017-08-04w2017-08-04yEK